| 000 | 00773nam a2200289Ia 4500 | ||
|---|---|---|---|
| 008 | 170711s9999 xx 000 0 und d | ||
| 020 | _a9789712720161 | ||
| 050 | _a641.51 | ||
| 050 | _bC773 2008 | ||
| 245 | _aCooking with kids : | ||
| 245 | _bhelping children learn in the kitchen / | ||
| 245 | _cedited by Rory Cruz Subida ; book design by Arnold R. Ramos. | ||
| 260 | _aPasig City, Philippines : | ||
| 260 | _bAnvil Publishing, | ||
| 260 | _c2008 | ||
| 300 | _a108 pages : | ||
| 300 | _billustrations ; | ||
| 300 | _c18cm. | ||
| 440 | _aThe Maya Kitchen. | ||
| 500 | _aIncludes glossary. | ||
| 650 | _aChildren. | ||
| 650 | _aCookery. | ||
| 650 | _aCooking. | ||
| 700 | _aRamos, Arnold R. | ||
| 700 | _aSubida, Rory Cruz. | ||
| 700 | _aTitle. | ||
| 999 |
_c340044 _d340044 |
||